000 00317nam a22001457a 4500
008 211018b ||||| |||| 00| 0 eng d
020 _a007035460X
041 _aeng
080 _24th
_a530
082 _a530
100 _a43
101 _aFIZ
245 _aThe Physical Universe
_cKrauskopf,K.B
942 _2udc
_cBK
999 _c58242
_d58242